Formula One: Most Fastest Laps Record Progression - Statistics

General Stats
  • This quiz has been taken 25 times
  • The average score is 7 of 7
Answer Stats
Record (fastest laps) Answer Nationality Between % Correct
42-77 Michael Schumacher Germany March 2001 -
100%
29-41 Alain Prost France May 1989 - March 2001
95%
1-3 Giuseppe Farina Italy May 1950 - May 1951
95%
4-9 Juan Manuel Fangio Argentina May 1951 -August 1953
95%
11-23 Juan Manuel Fangio Argentina June 1954 - June 1967
95%
10 Alberto Ascari Italy August 1953 - June 1954
89%
24-28 Jim Clark United Kingdom June 1967 - May 1989
84%
No matching quizzes found
Score Distribution
Percent of People with Each Score
Percentile by Number Answered
Your Score History
You have not taken this quiz